000 00663nam a2200241 i 4500
001 C2-0267412
003 PPAK
005 20180727234631.0
008 050915s2005 enka|||| ||||| | eng d
020 _a014101797X
040 _aPPAK
_beng
_cPPAK
_erda
082 0 4 _a641.5
_223
090 0 0 _a641.5
_bRAM
_dR
100 1 _aRamsay, Gordon,
_eauthor
245 1 0 _aKitchen heaven :
_bover 100 brand-new recipes
264 1 _aLondon :
_bPenguin Books ,
_c2005
300 _a255 pages :
_bcolour illustrations ;
_c24 cm
336 _2rdacontent
_atext
337 _2rdamedia
_aunmediated
338 _2rdacarrier
_avolume
650 1 0 _aCookery.
942 _ddc
_cB
999 _c76389
_d76389